000 00473nam a2200181Ia 4500
001 1366
005 20260306143723.0
008 260306t1967||||xx |||||||||||||| ||spa||
041 _aESP
082 _a196.1
_bO73 T. 1
100 _aOrtega y Gasset, José
_eAUT
245 0 _aLa idea de principio en Leibniz y la evolución de la teoría deductiva
260 _c1967
300 _a264 páginas :
_c18 cm.
650 _aGEN
654 _aCHU
942 _cLIB
_dJUS
_fJUS
_2ddc
_n
999 _c1366
_d1366